<?xml version="1.0" encoding="UTF-8"?>
<record
    xmlns:xsi="http://www.w3.org/2001/XMLSchema-instance"
    xsi:schemaLocation="http://www.loc.gov/MARC21/slim http://www.loc.gov/standards/marcxml/schema/MARC21slim.xsd"
    xmlns="http://www.loc.gov/MARC21/slim">

  <leader>02074nam a2200289Ia 4500</leader>
  <controlfield tag="001">H4507</controlfield>
  <controlfield tag="003">IT-RoPAU</controlfield>
  <controlfield tag="008">130308s9999    xx            000 0 und d</controlfield>
  <datafield tag="040" ind1=" " ind2=" ">
    <subfield code="a">IT-RoPAU</subfield>
  </datafield>
  <datafield tag="040" ind1=" " ind2=" ">
    <subfield code="c">IT-RoPAU</subfield>
  </datafield>
  <datafield tag="041" ind1=" " ind2=" ">
    <subfield code="a">ITALIANO</subfield>
  </datafield>
  <datafield tag="100" ind1=" " ind2=" ">
    <subfield code="a">Pazzi Roberto</subfield>
  </datafield>
  <datafield tag="100" ind1=" " ind2=" ">
    <subfield code="g">Codice Aut. SPICS: 46684</subfield>
  </datafield>
  <datafield tag="245" ind1=" " ind2=" ">
    <subfield code="a">Signore degli occhi (Il)</subfield>
  </datafield>
  <datafield tag="245" ind1=" " ind2=" ">
    <subfield code="b">Signore degli Occhi (Il)</subfield>
  </datafield>
  <datafield tag="250" ind1=" " ind2=" ">
    <subfield code="a">1a ed.</subfield>
  </datafield>
  <datafield tag="260" ind1=" " ind2=" ">
    <subfield code="a">MILANO</subfield>
  </datafield>
  <datafield tag="260" ind1=" " ind2=" ">
    <subfield code="b">Frassinelli</subfield>
  </datafield>
  <datafield tag="260" ind1=" " ind2=" ">
    <subfield code="c">2004 [1&#xB0; Ed.:2004 - Ed.Ling.Originale:2004]</subfield>
  </datafield>
  <datafield tag="300" ind1=" " ind2=" ">
    <subfield code="a">"346 p. (prefazione: no ; testo: 346 [pagine: 0-0])"</subfield>
  </datafield>
  <datafield tag="500" ind1=" " ind2=" ">
    <subfield code="a">Romanzo. si &#xE8; chiuso in un convento di Clausura. Fulminea corre nel Mondola Notizia: Il Cavalier Enrico Magnoni, Carismatico premier Italiano prossimo presidente a Vita, Ha Lasciato Il Denaro, Il Successo, le Sue Televisoni per Seppellirsi vivo in un remoto Monastero Fra le Alpi. che Cosa Ha Spinto l'uomo Piu' Ricco D'Italia, Il padre padrone di Un'Intera nazione a Voltare le spalle al Mondo per Sempre? &#xE8; l'ennesimo Colpo di Teatro di un Uomomai Sazio di Potere? o L'Esito ultimo di un Ossessivo Timore della Morte? Ora Il signore degli Occhi, Indossato L'Umile Saio Benedettino, si trova Difronte L'Abisso della Propria Anima, con Cui Ingaggia un Intimo e Serrato Cnfronto. Ma intorno a Lui la Calma Apparente del Monastero di Sant'Ulrich sembra Animata di Presenze ed Eventi Inquietanti, e la Luce Rarefatta Dellemontagne Proietta Ancora Alle Sue spalle L'Ombra del potente che Era.Sara'Solo Attraverso un Sofferto Cammino interiore che Giunger&#xE0; a Maturare Unosguardo Nuovo Sull'Esistenzae Sui Mali del Mondo, Come la ricchezza di pochi Stati a spese della miseria di Molti, Speculare al piacere dei pochi di vivere per Essere Guardati e Invidiati Dai Piu'. ne Accompagneranno l'evoluzione L'Abate Generale Dionigi da Tubingen, che cela un terribile Segreto, la bella Marta e Il Piccolo Daniele, bambino Dalla Sensibilit&#xE0; Sorprendente</subfield>
  </datafield>
  <datafield tag="650" ind1=" " ind2=" ">
    <subfield code="a">PASTORALE E CULTURE</subfield>
  </datafield>
  <datafield tag="650" ind1=" " ind2=" ">
    <subfield code="e">Codice materia Spics: 9302</subfield>
  </datafield>
  <datafield tag="942" ind1=" " ind2=" ">
    <subfield code="c">BK</subfield>
  </datafield>
  <datafield tag="957" ind1=" " ind2=" ">
    <subfield code="7">1</subfield>
  </datafield>
  <datafield tag="999" ind1=" " ind2=" ">
    <subfield code="c">95524</subfield>
    <subfield code="d">95524</subfield>
  </datafield>
  <datafield tag="999" ind1=" " ind2=" ">
    <subfield code="g">1</subfield>
  </datafield>
  <datafield tag="952" ind1=" " ind2=" ">
    <subfield code="0">0</subfield>
    <subfield code="1">0</subfield>
    <subfield code="4">0</subfield>
    <subfield code="6">H_000000000000000_4507</subfield>
    <subfield code="7">1</subfield>
    <subfield code="a">SPICS</subfield>
    <subfield code="b">SPICS</subfield>
    <subfield code="d">2013-03-08</subfield>
    <subfield code="l">0</subfield>
    <subfield code="o">H4507</subfield>
    <subfield code="r">2013-03-08 00:00:00</subfield>
    <subfield code="w">2013-03-08</subfield>
    <subfield code="y">BK</subfield>
    <subfield code="z">Progressivo inserimento:  59259 /  N. Volumi: 1 Copie: 1  / data import: 1 marzo 2013 - By Epidotti, Trombetti, Vaglietti. </subfield>
  </datafield>
</record>
